000
00337nam a22001457a 4500
003
OSt
005
20220128132925.0
008
220128b |||||||| |||| 00| 0 eng d
020
_a
0444892052
040
_c
H U
082
_a
621.38
100
_a
Signal Processing
_9
29040
245
_a
Hand Book Of Statistics 10
942
_2
ddc
_c
BOOKS
_n
0
999
_c
28363
_d
28363